[Event "Grand Chess Tour Finals"]
[Site "?"]
[Date "2019.12.03"]
[Round "2.2"]
[White "Ding, Liren"]
[Black "Aronian, Levon"]
[Result "1/2-1/2"]
[WhiteElo "2801"]
[BlackElo "2772"]
[EventDate "2019.??.??"]
[Annotator "Bojkov,Dejan"]
[PlyCount "56"]
[Beauty "6597203984391"]
[EventType "team-tourn"]

1.d4 Nf6 2.c4 e6 3.Nc3 Bb4 4.e3 O-O 5.Nf3 c5 6.Bd3 cxd4 7.exd4 d5 8.cxd5 {Now Aronian slightly surprised his opponent with a pawn capture:} 8...exd5 {For complete happiness White needs to play both h2-h3 and 0-0. But with the arbiter around he has can chose only one of the two...} ( {A more common reply is} 8...Nxd5 {in order to isolate a pawn or two in the enemy camp, for example} 9.O-O Nc6 10.Bc2 Be7 11.Qd3 g6 12.a3 Nxc3 13.bxc3 b6 {as in So,W (2773)-Nakamura,H (2787) Saint Louis 2016} ) 9.O-O ( {Another try to play for the advantage is related to the idea} 9.Ne5 Nc6 10.O-O Re8 11.Bf4 h6 12.Bb5 Bd7 13.Bxc6 Bxc6 14.Nxc6 bxc6 {with equality in Prusikin,M (2516)-Bogner,S (2589) Switzerland 2018} ) ( {Black was doing more than fine after} 9.h3 Re8+ 10.Be3 Ne4 11.O-O Nc6 12.Qc2 Bf5 13.a3 Bxc3 14.bxc3 Rc8 15.Nd2 Na5 {in Duschek,V (2272)-Cvitan,O (2496) Baden 2016} ) 9...Bg4 {Here Ding thought that his position is slightly better, but then he disliked the "unnatural" way that he played.} 10.h3 ( {The immediate} 10.Bg5 Bxc3 11.bxc3 Nbd7 12.h3 Bh5 {could have transposed to a line below. One grandmaster game went} 13.c4 dxc4 14.Bxc4 Rc8 15.Rc1 h6 16.Bd2 Nb6 17.Bb3 Bxf3 18.Qxf3 Qxd4 19.Be3 {with compensation for the pawn in Kovacevic,A (2564)-Ruck,R (2575) Bol 2013} ) 10...Bh5 11.g4 $6 {White wants too much from the position! He not only weakens his kingside but also forces the trade of the opponent's weaker bishop.} ( {He should have abandoned the ambitions for the advantage and chosen the sensible} 11.Bg5 Bxc3 12.bxc3 Nbd7 {which is "a normal position (for Black)." (Ding)} ) 11...Bg6 12.Ne2 $146 ( {An earlier game saw Black doing more than fine after} 12.Bg5 Bxc3 13.bxc3 Nbd7 14.Ne5 Qc7 15.Nxg6 hxg6 16.Qb3 Nb6 17.Rab1 Rfe8 18.a4 Ne4 19.Bxe4 dxe4 20.a5 Nc4 21.Qxb7 Qxa5 22.Qb5 Qxc3 {Ahmed,E (2395)-Labib,I (2439) Cairo 2003} ) 12...Nc6 13.Bg5 Re8 14.Bxg6 ( {The Chinese GM revealed that he missed the idea} 14.Nf4 Be4 $1 15.Nh5 Be7 {when the bishop is "very good placed on e4. Here I realized I was worse." (Ding)} ) 14...hxg6 15.Rc1 Qd7 {Aronian is clearly better. He can use the central light-squared outposts to plant pieces close to the opponent's king as there is no light-squared bishop to cover them. Or Black may also chose to put pressure on the isolated white pawn as his bishop can hit it.} 16.Bxf6 gxf6 17.Qd3 Re4 18.Ng3 Re7 {A surprising retreat for the first player. And a relief.} ( {Ding speculated that Aronian missed the line} 18...Rae8 19.Nxe4 dxe4 20.Qc4 $1 {when he cannot capture the knight:} 20...exf3 {Due to} ( {However, the Chinese GM also mentioned a much better continuation for his opponent that he feared during the game:} 20...Bd6 $1 {with the idea} 21.d5 Na5 ( 21...Nb4 $5 {might be strong as well.} ) 22.Qc3 exf3 23.Qxa5 Re4 {The threat of a rook capture on g4 cannot be stopped. Luckily, White can prepare for it with} 24.Kh1 Rxg4 25.Qc3 {although the endgame is better for Aronian too:} 25...Rh4 26.Qc8+ Qxc8 27.Rxc8+ Kg7 28.Rd1 Rxh3+ {It is clear that Black is calling the shots.} ) 21.d5 ) 19.a3 Bd6 ( {Better seemed} 19...Ba5 {going for the plan with the isolated pawn pressure mentioned before. Then} 20.b4 Bb6 21.Rfe1 Rxe1+ 22.Rxe1 Nd8 $1 {leaves Black clearly on top. All his pieces are much better positioned than the enemy ones. A knight on e6 will be ready to attack both the kingside and the isolani and both the c- and h-files could well be tempting for the black rook.} ) 20.Rfe1 Rxe1+ 21.Rxe1 {"After the trade of the rooks my position is still worse, but not as much." (Ding)} 21...Kg7 ( {The immediate} 21...Nd8 $1 22.Ne2 Ne6 {followed by Kg8-g7 would have transposed to the game.} ) 22.Kg2 Nd8 23.Ne2 Ne6 24.Nd2 Rh8 ( {Against} 24...Rc8 {White most likely planned} 25.Nb1 {Then} 25...Rc4 26.Nbc3 Rxd4 $2 {can be met with} 27.Qb5 $1 {and suddenly White wins material.} ) ( 24...Re8 $5 ) 25.Rh1 Rh4 {Aronian decided to force a draw. Had he had been in better physical shape this decision would have never occurred to him.} ( {Here} 25...Rc8 $1 {Was strong to occupy the open file. There are a couple of tricks that support the positional idea} 26.Rc1 $4 {loses on the spot:} ( {Whereas the idea from before} 26.Nb1 Rc4 27.Nbc3 {is no longer viable:} 27...Rxd4 $1 28.Qb5 Qxb5 29.Nxb5 Rd2 {just leaves Black up a healthy pawn.} ) 26...Rxc1 27.Nxc1 Nf4+ ) 26.Nf3 Rh8 27.Nd2 Rh4 28.Nf3 Rh8 {"Of course he is better. He has many ways to play (on). But he said he did not feel good." (Ding)} 1/2-1/2

[Event "Grand Chess Tour Finals"]
[Site "?"]
[Date "2019.12.04"]
[Round "3.2"]
[White "Ding, Liren"]
[Black "Aronian, Levon"]
[Result "1-0"]
[WhiteElo "2801"]
[BlackElo "2772"]
[EventDate "2019.??.??"]
[Annotator "Bojkov,Dejan"]
[PlyCount "70"]
[Beauty "7976828027924"]
[EventType "team-tourn"]

1.d4 Nf6 2.c4 e6 3.Nf3 d5 4.Nc3 Be7 5.Bf4 O-O 6.e3 Nbd7 7.Be2 dxc4 8.O-O a6 ( 8...c5 9.dxc5 Nxc5 10.Bxc4 Qxd1 11.Rfxd1 b6 12.Bd6 Bxd6 13.Rxd6 Bb7 14.Rad1 Bxf3 15.gxf3 Rfc8 16.Be2 {was Ding,L (2811)-Firouzja,A (2702) Khanty-Mansiysk 2019} ) 9.a4 Nd5 10.Bxc4 Nxf4 11.exf4 c5 12.dxc5 Bxc5 $146 {A novelty, played after three minutes of thought.} ( {An earlier game went} 12...Nxc5 13.Ne5 Nd7 14.Qe2 Nxe5 15.fxe5 Bd7 16.Bd3 Bc6 17.Rfd1 Qc7 18.Be4 Rfd8 19.Bxc6 {1/2-1/2 (19) Fedorovsky,M (2478) -Feldmann,J (2208) Munich 2017} ) 13.Qe2 {Ding also took time to play this obvious move. The rooks are connected and ready to occupy both open files, The queen is eyeing the pawn on e6.} 13...b6 14.Rad1 {After all the Chinese GM decided that the rooks will work better on the central files.} 14...Qe7 15.Rfe1 {The threat is f4-f5.} 15...g6 {This obvious move provides White an extraordinary possibility.} ( {Aronian could have ignored the threat with} 15...Nf6 {since} 16.f5 Ng4 {gives Black counterplay on the dark squares. Then} 17.Ne4 Bb4 18.Nc3 Bc5 {is only a repetition whereas} 19.Nd4 Qh4 {promises Black too much activity against White's king.} ) 16.Nd5 {This seems like an empty blow as the queen can simply retreat.} 16...Qd8 {Now the white knight also needs to retreat, right?} ( {Not:} 16...exd5 17.Qxe7 Bxe7 18.Bxd5 Bb4 19.Re4 {which drops a pawn for Black.} ) 17.Ng5 $1 {Nope, Ding throws more fuel into the attacking engine.} 17...exd5 18.Bxd5 Ra7 {Surprisingly, this is not the best square for the rook. True, it defends the seventh rank and it is safe from some forks on the e5 square, but in some lines it does not defend the bishop on c8.} ( {After the best move} 18...Rb8 {the line that gave White an edge in the game} 19.b4 Bxb4 20.Bxf7+ Rxf7 21.Nxf7 Qf8 22.Nd6 {no longer leads to the same as} ( {True, White can force a draw in the line} 22.Ng5 Bxe1 23.Qe6+ Kh8 ( {Black cannot play} 23...Kg7 $4 24.Rxd7+ ) 24.Rxd7 Bxf2+ 25.Kh1 ( {Not} 25.Kxf2 $2 Qxf4+ ) ( {Or} 25.Kf1 {which leads to the same as in the main line.} ) 25...Bxd7 26.Qe5+ Qg7 ( 26...Kg8 27.Qd5+ {changes nothing.} ) 27.Qxb8+ Qg8 28.Qe5+ {with perpetual check.} ) 22...Bxe1 23.Qe6+ Kg7 24.Qxe1 Nf6 {defends Black in time.} ) 19.b4 $1 {The point behind the sacrifice. The bishop is forced to move away from the defense of the pawn.} 19...Bxb4 20.Bxf7+ Rxf7 21.Nxf7 Qf8 ( {As in the line} 21...Kxf7 22.Qc4+ Kg7 23.Qxb4 {the bishop hangs.} ) 22.Nd6 Bxd6 ( {Now we can see the difference in the positions of the rook on a7 and b6.} 22...Bxe1 23.Qc4+ Kg7 24.Nxc8 {This bishop is unprotected. Still, this was Black's best try as after} 24...Bxf2+ 25.Kxf2 Ne5 26.Qd4 Qxc8 27.Qxe5+ {The position is unpleasant for Black, but playable.} ) 23.Qe6+ Kg7 ( {White is clearly better in case of} 23...Qf7 24.Qxd6 Nf8 25.Qxb6 Rc7 26.Rd4 ) 24.Rxd6 {The end of the forcing play. Ding attacks for free, his major pieces are far more active than Aronian's ones.} 24...Rc7 25.g3 {The obvious is not always the most accurate. Although in this particular case it instantly led to a win.} ( {Better was either the aggressive} 25.h4 $1 ) ( {or the positional} 25.Rc6 $1 {White needs to trade the enemy active rook.} 25...Rxc6 26.Qxc6 Nf6 27.Qxb6 {in both cases with clear edge for White.} ) 25...Qf7 {Under pressure, with little time on the clock, Aronian blunders.} ( {He would have been still in the game after the precise} 25...Qf6 $1 26.Qd5 Qf7 ) ( {Or after} 25...b5 $1 {in order to get rid of all the queenside pawns and defend on just one side.} ) 26.Rc6 $1 {Not only is this move generally desirable. Here it wins on the spot as the black bishop is trapped!} 26...Rxc6 ( {Or} 26...Qxe6 27.Rexe6 Rxc6 28.Rxc6 Bb7 29.Rc7 {with the same result.} ) 27.Qxc6 Qf8 28.Rc1 Nc5 29.Qxb6 {Winning the pawn, the piece and the game.} 29...Ne6 30.Qc6 Nd4 31.Qc7+ $1 {Small, precise moves like this save dozens of moves when converting the advantage.} ( 31.Qxc8 Ne2+ {would have also won but would have prolonged the battle.} ) 31...Kh6 32.Qxc8 {Now the black queen is hanging and there is no time to pick up the exchange.} 32...Qe7 33.Rd1 Nf3+ 34.Kg2 Qe4 35.Kh3 Nd4 ( 35...Nd4 {While executing this move Aronian flagged:} 36.Qf8+ Kh5 37.g4# ) 1-0

[Event "Grand Chess Tour Finals"]
[Site "?"]
[Date "2019.12.06"]
[Round "11.2"]
[White "Carlsen, Magnus"]
[Black "Aronian, Levon"]
[Result "1-0"]
[WhiteElo "2870"]
[BlackElo "2772"]
[EventDate "2019.??.??"]
[Annotator "Bojkov,Dejan"]
[PlyCount "131"]
[Beauty "6049729876001"]
[EventType "team-tourn"]

1.d4 Nf6 2.Nf3 d5 3.Bf4 c5 4.e3 Nc6 5.Nbd2 cxd4 6.exd4 Qb6 ( {Another way to play the position is} 6...Bf5 7.c3 e6 8.Be2 Bd6 9.Bxd6 Qxd6 10.O-O h6 11.Re1 O-O 12.a4 a5 13.Qb3 {Kamsky,G (2684)-Bartel,M (2636) Germany 2019} ) 7.Nb3 Bg4 8.a4 a6 $146 {A novelty, which prevents the white a-pawn from going too far.} ( {An earlier game led to lively play when White went for the attack:} 8...e6 9.a5 Bb4+ 10.c3 Bxa5 11.Ra3 Bxf3 12.gxf3 Qd8 13.Nxa5 Nxa5 14.Qa4+ Nc6 15.Rb3 Qd7 16.Qa3 Nh5 17.Bd6 Rd8 18.Bc5 Nf4 19.Bb5 a6 20.Bxc6 Qxc6 21.Rb6 Qc7 22.Kd2 {Van Foreest,J (2557)-Igonin,T (2470) Moscow 2016} ) 9.a5 Qa7 ( {More natural seems} 9...Qd8 {Then the line} 10.c3 e6 11.Be2 Nh5 12.Be3 Bd6 {is a better version of the game's continuation for Black.} ) 10.c3 e6 11.Be2 Nh5 12.Be3 Qb8 ( {Some problems of the queen's position on a7 are revealed in the line} 12...Bd6 13.Ne5 Bxe2 ( 13...Nxe5 14.dxe5 $4 {drops a piece for Black.} ) 14.Qxe2 Nf6 15.Bf4 {with advantage for the first player.} ) 13.h3 Bxf3 14.Bxf3 Nf6 15.Be2 Bd6 16.Bd3 O-O 17.O-O Qc7 18.Re1 {The opening phase is over, and a typical Carlsbad pawn structure arose. The plans are clear: White needs to attack on the kingside with his pieces, whereas Black ideally should react with a minority attack on the opposite wing. Carlsen, however, seems better prepared for the execution of his plan.} 18...Kh8 $5 {Aronian prepares against the nasty Be3-g5 maneuver.} ( {The other way to do it is related to the swap of the bishop with} 18...Bh2+ 19.Kh1 Bf4 ) 19.Qf3 Rae8 20.Bg5 Ng8 ( {After} 20...Nd7 {White would have weakened his opponent's position with} 21.Qh5 g6 ( {Not} 21...h6 $4 22.Bxh6 gxh6 23.Qxh6+ Kg8 24.Qh7# ) 22.Qh6 ) 21.Re2 $1 {One of those very useful moves that define the style of the world champion. As usual Carlsen sees into the future.} ( {Here the weakening maneuver would not work as effectively:} 21.Qh5 g6 22.Qf3 f6 ) 21...Nge7 22.Qh5 {Now he wants to weaken again.} 22...Ng6 {Rejected.} 23.Bc2 {Another useful move. The bishop steps away from the possible mishaps. Notice that the white rook is defending it.} ( {Like the one in the line} 23.g3 $2 Bxg3 24.fxg3 Qxg3+ ) 23...Kg8 ( {Beware, trap! The generally desirable trade of the bishops} 23...Bf4 {is no longer good for Black tactically:} 24.Bxf4 Qxf4 25.Nc5 Qc7 26.Nxe6 $1 {and White wins a pawn.} ) 24.Bd2 {One more preparatory move. The Norwegian GM clearly understands that Black's only chance for counterplay is related to the b7-b6 advance and prepares for it.} ( 24.g3 $5 {is already good, but Carlsen is not in a hurry.} ) 24...Nb4 ( {After:} 24...b6 25.axb6 Qxb6 {White develops his attack faster with} 26.h4 a5 27.Qg4 ) 25.Bb1 Nc6 26.Bd3 {The preparation against the b7-b6 advance continues.} 26...Rb8 ( {Or} 26...b6 27.axb6 Qxb6 28.Bc2 a5 29.Ra2 ) 27.Be3 Rfe8 ( {Most likely Aronian disliked} 27...b6 28.axb6 Rxb6 {due to} 29.Nc5 ) 28.g3 Nf8 {Aronian has all his pieces ready for the counterplay.} 29.Bc2 ( {Although} 29.Kg2 b6 30.axb6 Rxb6 31.Nc5 a5 {is possible as well.} ) 29...b6 30.axb6 Rxb6 {Finally, the queenside is opened.} 31.Bc1 Reb8 ( {More accurate seems} 31...Rb5 $5 {as the pawn is immune:} 32.Rxa6 $2 Qb7 ) 32.Nc5 e5 $1 {Aronian is looking for tactical chances as he clearly understands that in the long run his position will slowly get weaker and weaker.} ( {Not} 32...Bxc5 $2 33.dxc5 Rb5 34.b4 a5 35.Bf4 ) 33.Nxa6 {The principled capture. The knight is in danger, but Carlsen trusts its inner strength as well as the ability of the other pieces to help.} 33...Qa7 34.dxe5 ( 34.Nxb8 $2 Qxa1 ) 34...g6 {This was apparently planned by Aronian in advance.} ( {Tactics work well for White after} 34...Nxe5 35.Rxe5 Bxe5 36.Qxe5 Rxa6 ( 36...Ra8 37.Bd3 ) 37.Rxa6 Qxa6 38.Qxb8 ) ( {while} 34...Bxe5 35.Rxe5 {may transpose to the line from above.} ) 35.Qg4 {The queen hurries to rescue the knight.} 35...Nxe5 36.Qa4 Rc8 $1 {Best.} ( {The obvious} 36...Ra8 37.Nb4 Qxa4 38.Rxa4 Rxa4 39.Bxa4 Bxb4 40.Rxe5 {is lost for Black.} ) 37.Be3 d4 38.Bxd4 ( {In time-trouble (or not) one can hardly find the following sequence:} 38.Nc5 $1 Qe7 39.Bxd4 Nf3+ 40.Kf1 Nh2+ 41.Kg2 ( {Worse is} 41.Ke1 Nf3+ 42.Kd1 Qd8 ) 41...Qxe2 42.Ne4 Bc5 43.Nxc5 Nf3 44.Bd3 {The computer claims an edge for White, but it is anything but clear to me.} ) 38...Nf3+ ( {Even better is the preliminary} 38...Rc4 $1 39.b4 ( {Otherwise the queen can no longer recapture on d4:} 39.Qa2 Nf3+ 40.Kg2 Nxd4 41.cxd4 Rxd4 ) 39...Nf3+ 40.Kg2 Nxd4 41.cxd4 Rxd4 {Black would soon regain the pawn, and it should be a draw.} ) 39.Kg2 Nxd4 40.Qxd4 Ne6 41.Rxe6 $1 {A strong sacrifice.} ( {The alternative is} 41.Qe3 $1 {and Carlsen must have considered it as well. He probably did not like that in the lines} 41...Bc5 42.Nxc5 Qxa1 43.Nd7 Rxb2 44.Qh6 Nf8 45.Nf6+ Kh8 46.Ne8 Qa8+ 47.Be4 Rxe8 48.Bxa8 Rbxe2 49.Bf3 R2e5 {Black can eventually build a fortress.} ) ( {But not} 41.Qa4 $6 Rxb2 {and Black is safe.} ) 41...fxe6 42.Be4 {White's pieces are dominating. If he is given a chance to start pushing his queenside pawns, it will be all over for Aronian soon.} 42...Rf8 $1 {Again the best defense by the Armenian GM.} ( {The endgame after} 42...Rxa6 43.Qxa7 Rxa7 44.Rxa7 {is horrible for Black.} ) 43.Ra2 Rb7 {But this is not the most accurate way to do it.} ( {The other rook is needed first:} 43...Rf7 $1 {The threat is to capture the knight and if} 44.Nb4 ( 44.b4 $2 Rxa6 ) 44...Rxb4 45.Rxa7 Rxd4 46.Ra8+ Bf8 47.cxd4 Rd7 {should be holdable for Black.} ) 44.Qxa7 Rxa7 45.b4 Rb8 {Missing the last chance for a successful outcome.} ( {Strong is the incredibly difficult, study-like idea in the line} 45...Rc8 $1 46.b5 Rxc3 47.b6 Rf7 48.Rd2 ( 48.Rb2 Ra3 ) 48...Rc4 $1 49.Bf3 Rc3 $3 {The bishop should be removed from the long diagonal:} 50.Bg4 Rc6 51.Bxe6 Rxb6 {and Black should survive.} ) 46.c4 Rb6 47.b5 Kf7 48.Rc2 {Carlsen hurries to capitalize on his passers.} ( {White could also have brought the king up first with} 48.Ra4 Ke7 49.Kf3 ) 48...Rbxa6 49.bxa6 Rxa6 50.c5 {Finally, after the epic positional and tactical battle, the world champion won a pawn that he converts with ease.} 50...Be5 ( 50...Bc7 {might have been a better defensive setup, hoping for a fortress.} ) 51.c6 Ra7 52.h4 Kf6 53.Rd2 Bc3 54.Rd3 Bb4 55.Kh3 Be7 56.f3 e5 $6 {Aronian might have thought that he is already lost. He most likely is, but weakening moves like this only make White's task easier.} ( {Black should have waited with} 56...Bb4 57.Kg4 Be7 58.h5 {in the hope that White will never make it to the second weakness (on g6 or h7).} ) 57.Rc3 Bd6 58.Rc1 h6 59.Rd1 Be7 60.Kg4 Kf7 61.Rb1 Bd6 62.h5 gxh5+ 63.Kxh5 Kg7 64.Rd1 Bb4 65.Rd5 Re7 66.Bf5 {The threat is Bf5-d7, and Black has no adequate reply.} ( 66.Bf5 {Black resigned since in the line} 66...Rc7 67.Bd7 Bc3 68.Rd6 {he loses another pawn.} ) 1-0